| 000 | 00588nam a22002297a 4500 | ||
|---|---|---|---|
| 001 | 103825 | ||
| 003 | UA-OsUOA | ||
| 005 | 20210802093354.0 | ||
| 007 | ta | ||
| 008 | 20131122b un ||||| |||| 00| 0 ukr d | ||
| 040 |
_aUA-OsUOA _brus _cUA-OsUOA _dUA-OsUOA |
||
| 041 | _arus | ||
| 044 | _aUA | ||
| 080 | _a94(477-25) | ||
| 090 |
_a94(477-25) _bИ90 |
||
| 245 |
_aИстория Киева _nКн. 2 |
||
| 260 |
_aК. _bНаукова думка _c1986 |
||
| 300 | _a438 с. | ||
| 650 | 7 |
_a9 Географія. Біографії. Історія _2UDC |
|
| 942 |
_cBK _2udc |
||
| 955 | _a2 | ||
| 999 |
_c314658 _d314658 |
||